000 00473nam a2200169Ia 4500
999 _c12334
_d12334
003 OSt
005 20201015100225.0
008 190216s9999||||xx |||||||||||||| ||und||
040 _coclc
082 _a823
_bMAR/C
100 _aMarkandaya, Kamala
_95172
245 4 _aThe Coffer Dams /
_cKamala Markandaya
260 _bOrient Paper Books,
_c1978.
_aDelhi:
300 _a221p
650 _aEnglish Novel
942 _cBK
_2ddc
_h823
_iMAR/C
_k823
_mMAR/C